000 00488nam a2200169Ia 4500
008 240729s9999 xx 000 0 und d
245 0 _aMalaysian Journal of Animal Science
260 _aMalaysia
260 _bMalaysian Society of Animal Production
650 _a Animal biochemistry
650 _a Animal culture | Science
650 _a Physiology
650 _aAgriculture
856 _uhttps://doaj.org/toc/8822c974aa5747129eb4c9e4977f098a
942 _2ddc
942 _cDOAJEJ
999 _c65862
_d65862
945 _a1
_bMadushi Gamage
_c1
_dMadushi Gamage